00406nam a2200121Ia 4500008004100000082002300041100002100064245004700085260005200132365000600184630004700190730004700237100415s9999 xx 000 0 und d b22363a598.2(5482) aBalachandran, S. aField Guide to the birds of Point Calimere aNagapattinamc2009bTAMILNADU FOREST DEPARTMENT b0 aField Guide to the birds of Point Calimere aField Guide to the birds of Point Calimere